Diplomatari de l'Arxiu Diocesà de Solsona : 1101-1200 / estudi i edició a cura de Antoni Bach Riu ; amb la col·laboració de Ramon Sarobe i Huesca 1101-1200 / estudi i edició a cura de Antoni Bach Riu ; amb la col·laboració de Ramon Sarobe i Huesca
ISBN:
84-7935-990-0
Descripción Física:
v. ; 24 cm
Colección:
Col·lecció diplomataris ; 26-27
MARC
| LEADER | 00000nam a2200000Ia 4500 | ||
|---|---|---|---|
| 001 | 14704, 14705 | ||
| 003 | BGR | ||
| 005 | 20260324175621.0 | ||
| 008 | 160829s2002 xx 000 0 cat d | ||
| 020 | |a 84-7935-990-0 (o.c.) | ||
| 080 | |a A-2-161, A-2-162 | ||
| 110 | 2 | |a Arxiu Diocesà de Solsona |9 70469 | |
| 245 | |a Diplomatari de l'Arxiu Diocesà de Solsona : |b 1101-1200 / estudi i edició a cura de Antoni Bach Riu ; amb la col·laboració de Ramon Sarobe i Huesca | ||
| 260 | |a Barcelona : |b Fundació Noguera ; Lleida : |b Pagès, |c 2002 | ||
| 300 | |a v. ; |c 24 cm | ||
| 490 | |a Col·lecció diplomataris ; 26-27 | ||
| 590 | |a Referències bibliogràfiques, bibliografia, notes. | ||
| 590 | |a Índexs | ||
| 650 | |a Arxiu Diocesà de Solsona |x Catàlegs |9 35369 | ||
| 650 | |a Manuscrits |x Solsona |x 1101/1200 |x Catàlegs |9 35370 | ||
| 700 | 1 | |a Bach Riu, Antoni |9 36429 | |
| 700 | |a Sarobe i Huesca, Ramon |9 35372 | ||
| 710 | 2 | |a Fundació Noguera |9 70407 | |
| 866 | |a 1, 2 | ||
| 901 | |a Arxiu | ||
| 942 | |n 1 |2 udc |c MON | ||
| 952 | |0 0 |1 0 |4 0 |6 A2161_A2162 |7 1 |9 46867 |a Arxiu |b Arxiu |d 2016-12-01 |l 0 |o A-2-161, A-2-162 |p 14704, 14705 |r 2016-12-01 00:00:00 |w 2016-12-01 |y ARXIU | ||
| 999 | |c 50660 |d 50660 | ||